000 01918nam0a2200385 4500
001 RU\NLR\BIBL_A\022623463
005 20260420053510.0
010 _a978-5-6049342-4-1
_9500
021 _aRU
_bКН-П-25-044841
_9КН-П-25-4360
035 _a(NLR Aleph) 022623463
090 _a13684401
_c13684401
100 _a20250917d2025 k y0rusy50 ca
101 0 _arus
102 _aRU
105 _aa|||z|||000yy
181 0 _ai3
_baxxe
182 0 _an
200 1 _aХимия и биологическая активность производных гидразина
_eмонография
_fП. А. Фатуллаева
_gМинистерство науки и образования Азербайджанской Республики, Институт катализа и неорганической химии имени академика М. Нагиева
203 _aТекст
_bвизуальный
_cнепосредственный
210 _aМосква
_cНаучное обозрение
_d2025
215 _a317, [1] с.
_cил.
_d21
300 _aНа 4-й с. обл. авт.: Фатуллаева П. А., д-р хим. наук
320 _aБиблиогр.: с. 282-316 (319 назв.)
606 1 _aГидразин
_xПроизводные
_xБиологическая активность
_92680988
_3RU\NLR\AUTH\6601761310
606 1 _aГидразиновые комплексные соединения
_91385375
_3RU\NLR\AUTH\66268349
606 1 _aГидразин
_xПроизводные
_9922974
_3RU\NLR\AUTH\6619800
606 1 _aНитросоединения
_xХимия
_92665893
_3RU\NLR\AUTH\6601753920
686 1 _aР281.705
686 1 _aГ247.8
686 1 _aГ237
700 1 _aФатуллаева
_bП. А.
_gПеризад Амрулла
942 _cBOOK
980 _aNB